[Event "Calvia Amateur op 19th"]
[Site "Calvia"]
[Date "2022.10.16"]
[Round "9"]
[White "Asensio Ramos, Enrique Fernando"]
[Black "Hristodorescu, Daniel"]
[Result "1-0"]
[WhiteElo "2137"]
[BlackElo "2118"]
[PlyCount "125"]
[EventDate "2022.10.08"]
[EventType "swiss"]
[EventRounds "9"]
[EventCountry "ESP"]
[SourceTitle "CBM 210 Extra"]
[Source "ChessBase"]
[SourceDate "2022.11.30"]
[SourceVersion "1"]
[SourceVersionDate "2022.11.30"]
[SourceQuality "1"]

1. d4 Nf6 2. Nc3 d5 3. Bf4 c6 4. Qd3 Bg4 5. f3 Bh5 6. g4 Bg6 7. Qd2 e6 8. h4 h6 9. h5 Bh7 10. e3 a6 11. Bd3 Bxd3 12. cxd3 Bd6 13. Nh3 Bxf4 14. Nxf4 Nbd7 15. Qe2 Qe7 16. 0-0-0 0-0-0 17. Rhe1 Rhe8 18. b3 Qb4 19. Kb2 e5 20. a3 Qb6 21. Na4 Qa5 22. dxe5 Nxe5 23. d4 Nc4+ 24. bxc4 Qxa4 25. c5 Re7 26. Rd3 Rde8 27. Qd2 Nh7 28. Ng2 Ng5 29. Nh4 g6 30. Rb3 Re6 31. Rc1 Rf6 32. Rcc3 Re7 33. Rd3 Ne6 34. Rb4 Qa5 35. Rdb3 Ng7 36. hxg6 fxg6 37. Qg2 Rfe6 38. Qf2 Qd8 39. Ng2 Qe8 40. a4 h5 41. Rb6 hxg4 42. fxg4 Qf7 43. Qg3 Qf1 44. Nf4 Rf6 45. g5 Rf5 46. Nd3 Ne8 47. Ka2 Qe2+ 48. Nb2 Qf3 49. Qh2 Rxg5 50. Qh8 Rh5 51. Qg8 Qf7 52. Qxf7 Rxf7 53. Nd3 g5 54. Ne5 Rg7 55. e4 g4 56. exd5 cxd5 57. c6 Nd6 58. cxb7+ Nxb7 59. Rc3+ Kd8 60. Rbc6 Rh2+ 61. Kb1 Na5 62. Rc8+ Ke7 63. R3c7+ 1-0

[Event "Calvia Amateur op 19th"]
[Site "Calvia"]
[Date "2022.10.09"]
[Round "2"]
[White "Cleve Prinz, Wolfgang"]
[Black "Asensio Ramos, Enrique Fernando"]
[Result "1/2-1/2"]
[WhiteElo "1903"]
[BlackElo "2137"]
[PlyCount "82"]
[EventDate "2022.10.08"]
[EventType "swiss"]
[EventRounds "9"]
[EventCountry "ESP"]
[SourceTitle "CBM 210 Extra"]
[Source "ChessBase"]
[SourceDate "2022.11.30"]
[SourceVersion "1"]
[SourceVersionDate "2022.11.30"]
[SourceQuality "1"]

1. Nf3 d5 2. d4 Nf6 3. c4 c6 4. Qb3 e6 5. g3 Nbd7 6. Bg2 Bd6 7. Nc3 0-0 8. Bf4 Qc7 9. Bxd6 Qxd6 10. Rd1 b6 11. Nd2 Bb7 12. 0-0 Rfe8 13. e4 dxe4 14. Ndxe4 Qc7 15. Rfe1 Rad8 16. Qa3 Nxe4 17. Nxe4 Nf8 18. c5 Bc8 19. Nd6 Ng6 20. Qc3 Ne7 21. b3 Rxd6 22. cxd6 Qxd6 23. Qe3 Bb7 24. Qe5 Rd8 25. Qxd6 Rxd6 26. b4 Ba6 27. Bf1 Bxf1 28. Kxf1 Nd5 29. a3 Kf8 30. Rc1 Nc7 31. a4 Rxd4 32. Rxc6 Nd5 33. Rc8+ Ke7 34. Ra8 Rxb4 35. Rxa7+ Kf6 36. a5 bxa5 37. Rxa5 Rb2 38. Re2 Rb1+ 39. Re1 Rb2 40. Re2 Rb4 41. Ra1 Rd4 1/2-1/2

[Event "Palma de Mallorca op"]
[Site "Palma de Mallorca"]
[Date "2021.11.23"]
[Round "2"]
[White "Juan Lepp, Jaime Boris"]
[Black "Asensio Ramos, Enrique Fernando"]
[Result "1/2-1/2"]
[WhiteElo "1928"]
[BlackElo "2132"]
[PlyCount "108"]
[EventDate "2021.11.22"]
[EventType "swiss"]
[EventRounds "7"]
[EventCountry "ESP"]
[SourceTitle "CBM 205 Extra"]
[Source "ChessBase"]
[SourceDate "2022.01.31"]
[SourceVersion "1"]
[SourceVersionDate "2022.01.31"]
[SourceQuality "1"]

1. e4 g6 2. d4 Bg7 3. Nc3 c6 4. Bg5 Qb6 5. Nf3 d5 6. exd5 Bg4 7. Be2 Nf6 8. dxc6 Nxc6 9. 0-0 Rd8 10. h3 Bxf3 11. Bxf3 Nxd4 12. Bxf6 Qxf6 13. Be4 0-0 14. Bd3 h5 15. Ne4 Qf4 16. c3 Nf5 17. Qe2 h4 18. Nd2 Rd6 19. Rad1 Rfd8 20. Nf3 Bf6 21. Bc2 e5 22. Rxd6 Nxd6 23. Qd2 Qxd2 24. Nxd2 Bg7 25. Rd1 Nf5 26. Ne4 Rxd1+ 27. Bxd1 Kf8 28. Kf1 Ke7 29. Bb3 Bh6 30. Bc2 Ng7 31. Ke2 f5 32. Nc5 b6 33. Nd3 Kd6 34. f3 a5 35. b4 Nh5 36. Nb2 Ng3+ 37. Kf2 axb4 38. cxb4 Kd5 39. a4 Bd2 40. a5 bxa5 41. bxa5 Bxa5 42. Ke3 Bb6+ 43. Kd2 Nf1+ 44. Ke2 Ne3 45. Bb3+ Kd4 46. Kf2 e4 47. Nd1 Nxd1+ 48. Bxd1 Kd3+ 49. Kf1 Kd2 50. Be2 g5 51. fxe4 fxe4 52. Bg4 Bc7 53. Be2 Ke3 54. Bg4 Bg3 1/2-1/2

[Event "Mallorca-chT Preferente"]
[Site "Mallorca"]
[Date "2021.04.17"]
[Round "6"]
[White "Gaya Llodra, Juan"]
[Black "Asensio Ramos, Enrique Fernando"]
[Result "0-1"]
[WhiteElo "2160"]
[BlackElo "2099"]
[PlyCount "62"]
[EventDate "2021.03.06"]
[EventType "team-swiss"]
[EventRounds "7"]
[EventCountry "ESP"]
[SourceTitle "EXT 2023"]
[Source "ChessBase"]
[SourceDate "2022.10.05"]
[SourceVersion "1"]
[SourceVersionDate "2022.10.05"]
[SourceQuality "1"]
[WhiteTeam "Maria Salut"]
[BlackTeam "Vuit Peons"]
[WhiteTeamCountry "ESP"]
[BlackTeamCountry "ESP"]

1. d4 Nf6 2. Nf3 d5 3. g3 c6 4. Bg2 Bf5 5. 0-0 h6 6. c4 e6 7. Nc3 Nbd7 8. cxd5 exd5 9. Ne5 Be7 10. f4 h5 11. h3 g6 12. e3 Kf8 13. Bd2 Kg7 14. Rc1 Qb6 15. Qe2 a5 16. e4 dxe4 17. Be3 Qa6 18. Qf2 Nb6 19. d5 Nbxd5 20. Bd4 Rad8 21. Rfd1 Nxc3 22. bxc3 Qb5 23. Bf1 Qa4 24. Be2 Bxh3 25. Nc4 Bg4 26. Bxg4 hxg4 27. Ne3 c5 28. Be5 Rxd1+ 29. Rxd1 Rd8 30. Rxd8 Bxd8 31. Nxg4 Qd1+ 0-1

[Event "Calvia Amateur op 17th"]
[Site "Calvia"]
[Date "2020.10.12"]
[Round "3"]
[White "Asensio Ramos, Enrique Fernando"]
[Black "Massanet Massanet, Sebastian"]
[Result "1/2-1/2"]
[WhiteElo "2070"]
[BlackElo "2277"]
[PlyCount "139"]
[EventDate "2020.10.10"]
[EventType "swiss"]
[EventRounds "9"]
[EventCountry "ESP"]
[SourceTitle "CBM 198 Extra"]
[Source "ChessBase"]
[SourceDate "2020.11.30"]
[SourceVersion "1"]
[SourceVersionDate "2020.11.30"]
[SourceQuality "1"]

1. d4 Nf6 2. Bf4 d5 3. e3 c5 4. c3 Qb6 5. Qb3 c4 6. Qc2 Nc6 7. Nd2 g6 8. Ngf3 Bf5 9. Qc1 Bg7 10. h3 0-0 11. Be2 Rfc8 12. 0-0 Qd8 13. Ne5 b5 14. a4 bxa4 15. Rxa4 Qb6 16. Qa1 a5 17. Bf3 Bc2 18. Ndxc4 Qb5 19. Nxc6 Qxc6 20. Rxa5 Ne4 21. Nb6 Rxa5 22. Qxa5 Rd8 23. Rc1 Bd3 24. Ra1 g5 25. Bxe4 Bxe4 26. Bg3 h5 27. Qc5 Qg6 28. Bc7 g4 29. h4 g3 30. fxg3 Qg4 31. Re1 Bf6 32. Qb5 Rd6 33. Bxd6 exd6 34. Qe2 Qxg3 35. Qf2 Qg6 36. Re2 Qg4 37. g3 Bxh4 38. Kh2 Bd8 39. Na4 Kf8 40. Re1 h4 41. Rg1 hxg3+ 42. Qxg3 Qh5+ 43. Qh3 Qe2+ 44. Rg2 Bxg2 45. Qxg2 Qd1 46. Qxd5 Qxa4 47. Qxd6+ Ke8 48. Qe5+ Kd7 49. Qd5+ Ke8 50. Qe5+ Kf8 51. Qh8+ Ke7 52. Qe5+ Kd7 53. Qd5+ Kc8 54. b3 Bc7+ 55. Kg2 Qa6 56. Qf5+ Kd8 57. c4 Qa2+ 58. Kf3 Qxb3 59. Qxf7 Qd1+ 60. Ke4 Qb1+ 61. Kd5 Qb7+ 62. Ke6 Qc6+ 63. Kf5 Qf3+ 64. Kg6 Qxe3 65. Qf8+ Kd7 66. Qf5+ Ke8 67. Qf7+ Kd8 68. Qf8+ Kd7 69. Qf5+ Kd8 70. Qf8+ 1/2-1/2

[Event "Calvia Amateur op 17th"]
[Site "Calvia"]
[Date "2020.10.11"]
[Round "2"]
[White "Fichtinger, Leopold"]
[Black "Asensio Ramos, Enrique Fernando"]
[Result "0-1"]
[WhiteElo "1862"]
[BlackElo "2070"]
[PlyCount "180"]
[EventDate "2020.10.10"]
[EventType "swiss"]
[EventRounds "9"]
[EventCountry "ESP"]
[SourceTitle "CBM 198 Extra"]
[Source "ChessBase"]
[SourceDate "2020.11.30"]
[SourceVersion "1"]
[SourceVersionDate "2020.11.30"]
[SourceQuality "1"]

1. d4 Nf6 2. c4 e5 3. dxe5 Ne4 4. Nd2 Bb4 5. Ngf3 Nc6 6. a3 Nxd2 7. Bxd2 Bxd2+ 8. Qxd2 Qe7 9. Qc3 0-0 10. Rd1 Re8 11. e3 Nxe5 12. Nxe5 Qxe5 13. Qxe5 Rxe5 14. Kd2 d6 15. Kc3 b6 16. Rd5 Re7 17. Rg1 Bb7 18. Rd2 a5 19. Be2 Kf8 20. g3 Re5 21. Rd4 Bc6 22. Rgd1 Rb8 23. Rh4 Rf5 24. Rf4 Rxf4 25. gxf4 Re8 26. Rg1 Re6 27. Rg5 h6 28. Rg3 d5 29. b3 dxc4 30. bxc4 Rf6 31. h4 Rf5 32. Rg1 Rc5 33. Kd4 Bb7 34. e4 Rc6 35. e5 Re6 36. Bg4 Re8 37. Kc3 Bc6 38. Rd1 Ke7 39. Rd3 Rd8 40. Re3 Rg8 41. f5 f6 42. f4 g6 43. Rd3 Bd7 44. e6 Bc6 45. fxg6 Rxg6 46. Bf3 Rg7 47. Bh5 Rg2 48. Kb3 Rf2 49. f5 a4+ 50. Kc3 Rh2 51. Kb4 Rb2+ 52. Kc3 Ra2 53. Kb4 Rb2+ 54. Kc3 Rf2 55. Rg3 Rf4 56. Rg7+ Kd6 57. Bg4 h5 58. Bxh5 Rxf5 59. Bg4 Re5 60. Rf7 Re3+ 61. Kd2 Rg3 62. Bf5 Rf3 63. Rxf6 Ke5 64. Rf8 Rf2+ 65. Ke1 Rxf5 66. e7 Rh5 67. e8Q+ Bxe8 68. Rxe8+ Kd4 69. Re7 c5 70. Re6 Rxh4 71. Rxb6 Kxc4 72. Kd2 Rh3 73. Rg6 Rxa3 74. Rg4+ Kb5 75. Kc2 Rf3 76. Kb2 a3+ 77. Ka2 c4 78. Rg8 Kb4 79. Rb8+ Kc3 80. Rc8 Rh3 81. Rc7 Re3 82. Rc8 Kb4 83. Rb8+ Kc3 84. Rc8 Re1 85. Rc7 Re8 86. Rc6 Kd3 87. Rd6+ Kc2 88. Rh6 c3 89. Kxa3 Ra8+ 90. Kb4 Kb2 0-1

[Event "Calvia Amateur op 13th"]
[Site "Calvia"]
[Date "2016.10.15"]
[Round "8"]
[White "Asensio Ramos, Enrique Fernando"]
[Black "Voiteanu, Christian Gabriel"]
[Result "0-1"]
[WhiteElo "2077"]
[BlackElo "2207"]
[PlyCount "168"]
[EventDate "2016.10.08"]
[EventType "swiss"]
[EventRounds "9"]
[EventCountry "ESP"]
[SourceTitle "CBM 175 Extra"]
[Source "ChessBase"]
[SourceDate "2016.12.12"]
[SourceVersion "1"]
[SourceVersionDate "2016.12.12"]
[SourceQuality "1"]

1. d4 Nf6 2. Bf4 d5 3. Nf3 e6 4. e3 c5 5. Nbd2 Nc6 6. c3 Qb6 7. Rb1 Bd7 8. Bd3 Nh5 9. Bg5 h6 10. Bh4 g5 11. Bg3 Nxg3 12. hxg3 Bg7 13. Qe2 f5 14. Bb5 0-0-0 15. Bxc6 Bxc6 16. b4 cxd4 17. cxd4 Bb5 18. Qd1 Qa6 19. Qb3 Kb8 20. Qb2 Qa4 21. a3 Bd3 22. Qb3 Qxb3 23. Rxb3 Rc8 24. Rxd3 Rc1+ 25. Ke2 Rxh1 26. Nb3 b6 27. Ne1 Rc8 28. f3 Bf8 29. Rd1 Rc3 30. Rb1 Bd6 31. f4 Rxe1+ 32. Kxe1 Rxe3+ 33. Kf2 gxf4 34. gxf4 Bxf4 35. a4 Rc3 36. a5 Be3+ 37. Ke2 f4 38. axb6 axb6 39. Rb2 Rc4 40. Kd3 Rxb4 41. Kc3 Rc4+ 42. Kd3 Rc8 43. Nc5 Rxc5 44. Rxb6+ Kc7 45. dxc5 e5 46. Rxh6 Bxc5 47. Re6 e4+ 48. Ke2 Bd6 49. Re8 Kd7 50. Ra8 Ke6 51. Ra4 Be5 52. Ra6+ Kf5 53. Ra8 d4 54. Ra5 Ke6 55. Kd2 Bd6 56. Rb5 Be7 57. Rh5 Bb4+ 58. Kd1 d3 59. Rb5 Bc3 60. Rb3 Ba5 61. Ra3 Bd8 62. Kd2 Bg5 63. Ke1 Be7 64. Ra4 Kf5 65. Kd2 Bg5 66. Kc3 Bh6 67. Ra6 Bg7+ 68. Kd2 Bf8 69. Ra4 Bh6 70. Kc3 Bg5 71. Rb4 Bd8 72. Ra4 Bb6 73. Ra6 Bf2 74. Kd2 Be3+ 75. Ke1 Ke5 76. Ra5+ Kd4 77. Ra4+ Kd5 78. Ra5+ Bc5 79. Ra4 e3 80. Rxf4 Bd6 81. Rg4 Be5 82. Rg5 Ke4 83. Kf1 e2+ 84. Kf2 Bd4+ 0-1

[Event "Calvia Amateur op 13th"]
[Site "Calvia"]
[Date "2016.10.09"]
[Round "2"]
[White "Asensio Ramos, Enrique Fernando"]
[Black "Coll Verger, Amador"]
[Result "1-0"]
[WhiteElo "2077"]
[BlackElo "1596"]
[PlyCount "37"]
[EventDate "2016.10.08"]
[EventType "swiss"]
[EventRounds "9"]
[EventCountry "ESP"]
[SourceTitle "CBM 175 Extra"]
[Source "ChessBase"]
[SourceDate "2016.12.12"]
[SourceVersion "1"]
[SourceVersionDate "2016.12.12"]
[SourceQuality "1"]

1. d4 d5 2. Bf4 c6 3. e3 Bf5 4. Nf3 e6 5. Nbd2 Nf6 6. Ne5 Nbd7 7. g4 Bg6 8. h4 Nxe5 9. dxe5 Nxg4 10. Qxg4 Bxc2 11. Rc1 Bf5 12. Qd1 Bb4 13. a3 Bxd2+ 14. Qxd2 Be4 15. Rg1 Qxh4 16. Bg5 Qh2 17. Qb4 f6 18. exf6 0-0-0 19. Rxc6+ 1-0

[Event "Mallorca-chT Preferente"]
[Site "Mallorca"]
[Date "2016.03.09"]
[Round "4.3"]
[White "Asensio Ramos, Enrique Fernando"]
[Black "Tattersall Rodriguez, Lester Antonio"]
[Result "0-1"]
[WhiteElo "2031"]
[BlackElo "2241"]
[PlyCount "162"]
[EventDate "2016.03.01"]
[EventType "team-tourn"]
[EventRounds "9"]
[EventCountry "ESP"]
[SourceTitle "EXT 2024"]
[Source "ChessBase"]
[SourceDate "2023.10.10"]
[SourceVersion "1"]
[SourceVersionDate "2023.10.10"]
[SourceQuality "1"]
[WhiteTeam "Blau Escacs Calvia"]
[BlackTeam "Sa Creu Petra"]
[WhiteTeamCountry "ESP"]
[BlackTeamCountry "ESP"]

1. d4 Nf6 2. Bf4 c5 3. e3 d6 4. Nd2 Nc6 5. Ngf3 cxd4 6. exd4 Nd5 7. Bg3 Bf5 8. c3 e6 9. Qb3 a6 10. Be2 Be7 11. 0-0 0-0 12. Rfe1 h6 13. Bf1 Qd7 14. Nc4 b5 15. Ne3 Be4 16. Nd2 Nxe3 17. fxe3 Bg6 18. a4 Na5 19. Qb4 Nc6 20. Qb3 Na5 21. Qd1 d5 22. b4 Nc4 23. Nxc4 dxc4 24. e4 Rad8 25. Bf2 f5 26. e5 Qb7 27. axb5 axb5 28. Be2 Be8 29. Bf3 Bc6 30. Bxc6 Qxc6 31. Ra7 Rd7 32. Rxd7 Qxd7 33. Qf3 g5 34. h3 Rb8 35. Ra1 Qb7 36. Qh5 Kg7 37. d5 Qxd5 38. Ra7 Rb7 39. Ra8 Qd7 40. h4 Rc7 41. hxg5 Bxg5 42. Bb6 Qf7 43. Qf3 Rd7 44. Bd4 Rd8 45. Ra6 Rd5 46. Qxd5 exd5 47. e6+ Qf6 48. Ra7+ Kg6 49. Bxf6 Be3+ 50. Kf1 Bxa7 51. Bh4 d4 52. Bf2 Kf6 53. cxd4 Kxe6 54. d5+ Kxd5 55. Bxa7 c3 56. Ke2 Kc4 57. Bc5 h5 58. g3 Kb3 59. Kd3 c2 60. Be3 Kb2 61. Kd4 c1Q 62. Bxc1+ Kxc1 63. Kc5 Kd2 64. Kxb5 h4 65. gxh4 f4 66. Kc6 f3 67. b5 f2 68. b6 f1Q 69. b7 Qf4 70. h5 Kd3 71. Kd7 Qb8 72. Kc6 Ke4 73. h6 Ke5 74. h7 Qd6+ 75. Kb5 Qd8 76. Kc6 Qd6+ 77. Kb5 Qd8 78. Kc6 Ke6 79. Kb5 Kd6 80. Ka6 Kc7 81. Ka7 Qd4+ 0-1

[Event "Palma de Mallorca op U2200"]
[Site "Palma de Mallorca"]
[Date "2013.01.19"]
[Round "9"]
[White "Vich Ramirez, Carles"]
[Black "Asensio Ramos, Enrique Fernando"]
[Result "1-0"]
[WhiteElo "2126"]
[BlackElo "1904"]
[PlyCount "59"]
[EventDate "2013.01.12"]
[EventType "swiss"]
[EventRounds "9"]
[EventCountry "ESP"]
[SourceTitle "EXT 2014"]
[Source "ChessBase"]
[SourceDate "2013.11.20"]
[SourceVersion "1"]
[SourceVersionDate "2013.11.20"]
[SourceQuality "1"]

1. e4 Nf6 2. d3 e5 3. f4 d5 4. exd5 Bc5 5. fxe5 Ng4 6. d4 Qxd5 7. Nf3 Bb4+ 8. c3 Ba5 9. h3 Nh6 10. Bxh6 gxh6 11. Nbd2 c5 12. Bc4 Qc6 13. d5 Qg6 14. Qa4+ Bd7 15. Qxa5 Qg3+ 16. Kd1 b6 17. Qa3 Qxg2 18. Rh2 Qg3 19. Be2 Qf4 20. Qb3 Bf5 21. Qc4 Qg3 22. Ne4 Bxe4 23. Qxe4 Nd7 24. Kc2 Qg7 25. Rg1 Qf8 26. e6 fxe6 27. dxe6 0-0-0 28. exd7+ Rxd7 29. Qa8+ Kc7 30. Qxf8 1-0

[Event "Palma de Mallorca op U2200"]
[Site "Palma de Mallorca"]
[Date "2013.01.13"]
[Round "2"]
[White "Trillo Figueroa Vidal, Antonio"]
[Black "Asensio Ramos, Enrique Fernando"]
[Result "0-1"]
[WhiteElo "1743"]
[BlackElo "1904"]
[PlyCount "104"]
[EventDate "2013.01.12"]
[EventType "swiss"]
[EventRounds "9"]
[EventCountry "ESP"]
[SourceTitle "EXT 2014"]
[Source "ChessBase"]
[SourceDate "2013.11.20"]
[SourceVersion "1"]
[SourceVersionDate "2013.11.20"]
[SourceQuality "1"]

1. e4 Nf6 2. e5 Nd5 3. d4 d6 4. c4 Nb6 5. f4 dxe5 6. fxe5 c5 7. d5 g6 8. Nf3 Bg7 9. Bf4 0-0 10. Be2 Bg4 11. Nbd2 N8d7 12. h3 Bxf3 13. Nxf3 Qb8 14. 0-0 Nxe5 15. Nxe5 Bxe5 16. Bxe5 Qxe5 17. b3 e6 18. Bf3 exd5 19. Re1 Qg5 20. cxd5 Rad8 21. d6 Qf6 22. Bxb7 Rxd6 23. Qc2 Qg5 24. Rad1 Rfd8 25. Rxd6 Rxd6 26. Qc3 Rd4 27. Re8+ Kg7 28. Re4 Qd2 29. Qxd2 Rxd2 30. Re5 Rc2 31. a4 Kf6 32. Re3 a5 33. Rf3+ Ke6 34. g4 f5 35. Re3+ Kf6 36. gxf5 gxf5 37. Bg2 c4 38. bxc4 Rxc4 39. Rb3 Rb4 40. Rc3 Rc4 41. Rb3 Nxa4 42. Rb5 Rc5 43. Rb7 h5 44. Ra7 h4 45. Rh7 Kg5 46. Rg7+ Kf4 47. Rh7 Kg5 48. Rg7+ Kh6 49. Ra7 Nc3 50. Ra6+ Kg5 51. Ra8 a4 52. Rg8+ Kf4 0-1

[Event "Palma de Mallorca op U2200"]
[Site "Palma de Mallorca"]
[Date "2013.01.12"]
[Round "1"]
[White "Asensio Ramos, Enrique Fernando"]
[Black "Alemany Ramon, Angel"]
[Result "1/2-1/2"]
[WhiteElo "1904"]
[BlackElo "1394"]
[PlyCount "76"]
[EventDate "2013.01.12"]
[EventType "swiss"]
[EventRounds "9"]
[EventCountry "ESP"]
[SourceTitle "EXT 2014"]
[Source "ChessBase"]
[SourceDate "2013.11.20"]
[SourceVersion "1"]
[SourceVersionDate "2013.11.20"]
[SourceQuality "1"]

1. d4 Nf6 2. Bf4 d6 3. e3 g6 4. Be2 Bg7 5. Nf3 0-0 6. c4 Nh5 7. Bg5 f6 8. Bh4 g5 9. Bg3 Nxg3 10. hxg3 h6 11. Qc2 f5 12. g4 c6 13. Bd3 Qa5+ 14. Nc3 e6 15. gxf5 exf5 16. g4 Na6 17. c5 Nb4 18. Qb1 Nxd3+ 19. Qxd3 fxg4 20. Nxg5 Bf5 21. e4 Rae8 22. 0-0-0 hxg5 23. exf5 dxc5 24. f6 Rxf6 25. Qh7+ Kf7 26. Qh5+ Rg6 27. Rhe1 Rxe1 28. Rxe1 cxd4 29. Qxg4 dxc3 30. Qd7+ Kg8 31. Qe8+ Kh7 32. Rh1+ Bh6 33. Qe7+ Rg7 34. Qe4+ Rg6 35. Qe7+ Rg7 36. Qe4+ Rg6 37. Qe7+ Rg7 38. Qe4+ Rg6 1/2-1/2

[Event "Alcudia Belleuve"]
[Site "Alcudia"]
[Date "2012.10.18"]
[Round "5.2"]
[White "Llamazares Lopez, Carlos"]
[Black "Asensio Ramos, Enrique Fernando"]
[Result "0-1"]
[WhiteElo "1694"]
[BlackElo "1858"]
[PlyCount "120"]
[EventDate "2012.10.14"]
[EventType "swiss"]
[EventRounds "9"]
[EventCountry "ESP"]
[SourceTitle "EXT 2024"]
[Source "ChessBase"]
[SourceDate "2023.10.10"]
[SourceVersion "1"]
[SourceVersionDate "2023.10.10"]
[SourceQuality "1"]

1. e4 Nf6 2. e5 Nd5 3. d4 d6 4. c4 Nb6 5. exd6 exd6 6. Nc3 Be7 7. Bd3 Nc6 8. Nge2 Bf6 9. 0-0 0-0 10. c5 dxc5 11. dxc5 Nd7 12. Qc2 g6 13. Nd5 Nde5 14. Be4 Be6 15. Nxf6+ Qxf6 16. a3 Rad8 17. Bh6 Rfe8 18. f4 Ng4 19. Bg5 Nd4 20. Bxf6 Nxc2 21. Bxd8 Nxa1 22. Rxa1 Rxd8 23. h3 Nf6 24. Bxb7 Rd2 25. Bf3 Rxb2 26. Nd4 Bd5 27. Rf1 Bxf3 28. Rxf3 Ne4 29. Rb3 Rd2 30. Nf3 Rd1+ 31. Kh2 Nxc5 32. Rb8+ Kg7 33. Ra8 a6 34. Ra7 Ne6 35. f5 gxf5 36. Rxa6 Kf6 37. Rc6 Rd3 38. a4 Ra3 39. Rc4 c5 40. Ne1 Ke5 41. Rh4 h6 42. Rxh6 Rxa4 43. Rh7 Ra7 44. Rh4 f4 45. Nd3+ Ke4 46. Nf2+ Ke3 47. Ng4+ Kd4 48. Rh5 c4 49. Ne5 c3 50. Nc6+ Kd3 51. Rd5+ Ke2 52. Re5+ Kf2 53. Nb4 Rd7 54. Re4 f3 55. g4 Rd2 56. h4 Nd4 57. Re7 c2 58. Rc7 Ke3+ 59. Kh3 Rd1 60. Re7+ Kf2 0-1

[Event "Alcudia Belleuve"]
[Site "Alcudia"]
[Date "2012.10.16"]
[Round "3.6"]
[White "Ponce Cano, Adrian"]
[Black "Asensio Ramos, Enrique Fernando"]
[Result "1/2-1/2"]
[WhiteElo "1958"]
[BlackElo "1858"]
[PlyCount "73"]
[EventDate "2012.10.14"]
[EventType "swiss"]
[EventRounds "9"]
[EventCountry "ESP"]
[SourceTitle "EXT 2024"]
[Source "ChessBase"]
[SourceDate "2023.10.10"]
[SourceVersion "1"]
[SourceVersionDate "2023.10.10"]
[SourceQuality "1"]

1. e4 Nf6 2. Nc3 d5 3. exd5 Nxd5 4. Bc4 Nxc3 5. Qf3 e6 6. Qxc3 Nc6 7. Nf3 Qf6 8. a3 Qxc3 9. dxc3 Bd6 10. Be3 a6 11. 0-0-0 b5 12. Bd3 Bb7 13. Ng5 Ne5 14. Be4 Bxe4 15. Nxe4 Ke7 16. Bd4 Nd7 17. Rhe1 Nf6 18. g3 h5 19. h4 Nxe4 20. Rxe4 Rhg8 21. f4 g6 22. Be5 Bxe5 23. Rxe5 Rgd8 24. c4 c6 25. cxb5 axb5 26. Re3 Kf6 27. Re5 Ke7 28. Re3 Kf6 29. Rc3 Rxd1+ 30. Kxd1 Rd8+ 31. Ke2 Rc8 32. Rc5 Ke7 33. Kf3 Kd6 34. b4 Ra8 35. Rc3 Kd5 36. Rc5+ Kd6 37. Rc3 1/2-1/2

[Event "Mallorca Summer 1st"]
[Site "Palma de Mallorca"]
[Date "2012.07.24"]
[Round "8"]
[White "Asensio Ramos, Diego"]
[Black "Asensio Ramos, Enrique Fernando"]
[Result "0-1"]
[WhiteElo "1613"]
[BlackElo "1881"]
[PlyCount "58"]
[EventDate "2012.07.09"]
[EventType "swiss"]
[EventRounds "8"]
[EventCountry "ESP"]
[SourceTitle "EXT 2014"]
[Source "ChessBase"]
[SourceDate "2013.11.20"]
[SourceVersion "1"]
[SourceVersionDate "2013.11.20"]
[SourceQuality "1"]

1. e4 g6 2. Nc3 Bg7 3. d4 d6 4. Bd3 Bxd4 5. Bb5+ c6 6. Qxd4 e5 7. Qd2 cxb5 8. Nxb5 Ke7 9. Nf3 Nc6 10. 0-0 a6 11. Nc3 Be6 12. Ng5 Nf6 13. Nd5+ Bxd5 14. exd5 Nd4 15. Re1 Kf8 16. c3 Nf5 17. Qd1 h6 18. Nf3 Qa5 19. c4 Rc8 20. Qb3 e4 21. Bd2 Qd8 22. Ng5 hxg5 23. Bxg5 Rh5 24. Bxf6 Qxf6 25. Qxb7 Rxc4 26. Qxa6 Rc2 27. Rxe4 Ng3 28. Re8+ Kg7 29. Qb6 Rxh2 0-1

[Event "Mallorca Summer 1st"]
[Site "Palma de Mallorca"]
[Date "2012.07.23"]
[Round "7"]
[White "Asensio Ramos, Enrique Fernando"]
[Black "Kehloul Gutierrez, Sadek"]
[Result "1-0"]
[WhiteElo "1881"]
[BlackElo "1765"]
[PlyCount "79"]
[EventDate "2012.07.09"]
[EventType "swiss"]
[EventRounds "8"]
[EventCountry "ESP"]
[SourceTitle "EXT 2014"]
[Source "ChessBase"]
[SourceDate "2013.11.20"]
[SourceVersion "1"]
[SourceVersionDate "2013.11.20"]
[SourceQuality "1"]

1. d4 d5 2. Nf3 Bf5 3. Bf4 Nf6 4. e3 e6 5. Ne5 h6 6. g4 Be4 7. f3 Bh7 8. h4 Nbd7 9. c4 Bb4+ 10. Nc3 c5 11. a3 Bxc3+ 12. bxc3 Qa5 13. Qb3 cxd4 14. exd4 a6 15. c5 Rg8 16. Kd2 Qc7 17. Nd3 Qc8 18. Rb1 Ra7 19. Be2 Nb8 20. Qa4+ Nc6 21. Rb6 Nd7 22. Ne5 Ncxe5 23. Bxe5 f6 24. Rxe6+ Kf7 25. Rd6 Nxe5 26. dxe5 fxe5 27. Rd7+ Ke6 28. Rd6+ Ke7 29. Rxd5 Rd8 30. Rxd8 Qxd8+ 31. Ke3 Qd5 32. Qb4 Qc6 33. Rd1 a5 34. Qc4 b6 35. Rd5 Ke8 36. Qb5 Qxb5 37. Bxb5+ Ke7 38. Rxe5+ Kf6 39. cxb6 Rb7 40. Rc5 1-0

[Event "Baleares-ch Escolar"]
[Site "Mallorca"]
[Date "2012.05.27"]
[Round "6"]
[White "Campins Machado, Francesc"]
[Black "Asensio Ramos, Enrique Fernando"]
[Result "0-1"]
[WhiteElo "1745"]
[BlackElo "1881"]
[PlyCount "100"]
[EventDate "2012.05.24"]
[EventType "swiss"]
[EventRounds "6"]
[EventCountry "ESP"]
[SourceTitle "EXT 2014"]
[Source "ChessBase"]
[SourceDate "2013.11.20"]
[SourceVersion "1"]
[SourceVersionDate "2013.11.20"]
[SourceQuality "1"]

1. d4 Nf6 2. c4 c5 3. d5 b5 4. cxb5 a6 5. b6 Qxb6 6. Nc3 g6 7. e4 d6 8. a4 Bg7 9. a5 Qb4 10. Ra4 Qb7 11. Nf3 Bd7 12. Ra3 Bb5 13. Qb3 0-0 14. Nd2 Bh6 15. Nxb5 axb5 16. Qxb5 Qxb5 17. Bxb5 Nxe4 18. a6 Nxd2 19. Bxd2 Bxd2+ 20. Kxd2 Ra7 21. Re1 Kg7 22. Ree3 Kf6 23. Rf3+ Ke5 24. Rfe3+ Kf6 25. Reb3 e6 26. dxe6 fxe6 27. Be2 Ke7 28. Ra5 Nd7 29. f3 d5 30. Bb5 c4 31. Re3 Rb8 32. Kc2 Rb6 33. Rea3 Kd6 34. Kc3 Nc5 35. Be8 Rbxa6 36. Rxa6+ Rxa6 37. Bb5 Rb6 38. Ba4 Nxa4+ 39. Rxa4 Rb3+ 40. Kc2 Kc5 41. Ra7 Re3 42. Kd2 Rb3 43. Kc2 d4 44. Rc7+ Kd5 45. Rd7+ Ke5 46. Rxh7 d3+ 47. Kd1 Rxb2 48. Rh4 c3 49. Re4+ Kd5 50. Kc1 d2+ 0-1

[Event "Baleares-ch Escolar"]
[Site "Mallorca"]
[Date "2012.05.26"]
[Round "5"]
[White "Asensio Ramos, Enrique Fernando"]
[Black "Mari Copa, Adria"]
[Result "1-0"]
[WhiteElo "1881"]
[BlackElo "1655"]
[PlyCount "79"]
[EventDate "2012.05.24"]
[EventType "swiss"]
[EventRounds "6"]
[EventCountry "ESP"]
[SourceTitle "EXT 2014"]
[Source "ChessBase"]
[SourceDate "2013.11.20"]
[SourceVersion "1"]
[SourceVersionDate "2013.11.20"]
[SourceQuality "1"]

1. e4 e5 2. Nf3 Nc6 3. Bc4 Bc5 4. 0-0 Nf6 5. d3 h6 6. Be3 Bxe3 7. fxe3 0-0 8. Nc3 d6 9. Qe1 Na5 10. Bb3 Nxb3 11. axb3 c6 12. d4 exd4 13. exd4 Re8 14. Qh4 Be6 15. e5 Nd5 16. Ne4 Qxh4 17. Nxh4 dxe5 18. dxe5 Ne3 19. Nd6 Re7 20. Rf2 g5 21. Nf3 Bd5 22. Re2 Bxf3 23. Rxe3 Bg4 24. h3 Be6 25. Ne4 Kg7 26. g4 Rd7 27. Nd6 a6 28. c4 b6 29. b4 a5 30. c5 bxc5 31. bxa5 Rda7 32. a6 Rxa6 33. Rxa6 Rxa6 34. Rc3 c4 35. Kf2 Ra2 36. Ra3 Rxb2+ 37. Ke1 Rb3 38. Ra8 Rxh3 39. Ne8+ Kf8 40. Nf6+ 1-0